Construction equipment and its planning and application (Record no. 19426)

000 -LEADER
fixed length control field 00472nam a22001817a 4500
001 - CONTROL NUMBER
control field 19426
003 - CONTROL NUMBER IDENTIFIER
control field BD-DhUET
008 - FIXED-LENGTH DATA ELEMENTS--GENERAL INFORMATION
fixed length control field 150405b xxu||||| |||| 00| 0 eng d
040 ## - CATALOGING SOURCE
Transcribing agency 0
Modifying agency BD-DhUET
082 ## - DEWEY DECIMAL CLASSIFICATION NUMBER
Classification number 624.154
Item number VAR/1975
100 ## - MAIN ENTRY--PERSONAL NAME
Personal name Varma, Mahesh
245 ## - TITLE STATEMENT
Title Construction equipment and its planning and application
250 ## - EDITION STATEMENT
Edition statement 2nd ed.
260 ## - PUBLICATION, DISTRIBUTION, ETC. (IMPRINT)
Place of publication, distribution, etc. Delhi
Name of publisher, distributor, etc. Metropolitan book
Date of publication, distribution, etc. 1975
300 ## - PHYSICAL DESCRIPTION
Extent 539 p.
Other physical details ill.
650 #0 - SUBJECT ADDED ENTRY--TOPICAL TERM
Topical term or geographic name as entry element Construction equipment
942 ## - ADDED ENTRY ELEMENTS (KOHA)
Koha item type General Book
Holdings
Shelving location Koha date last seen Price effective from Copy number Koha item type Piece designation (barcode) Not for loan Koha normalized classification for sorting Koha full call number Sublocation or collection (holding branch) Lost status Source of classification or shelving scheme Withdrawn status Location (home branch) Damaged status Date acquired
Circulation section2015-04-052015-04-051General Book38526 624_154000000000000_VAR_1975624.154/VAR/1975Central Library, BUET   Central Library, BUET 2015-04-05
Circulation section2015-04-052015-04-052General Book42012 624_154000000000000_VAR_1975624.154/VAR/1975Central Library, BUET   Central Library, BUET 2015-04-05
Circulation section2015-04-072015-04-073General Book38525 624_154000000000000_VAR_1975624.154/VAR/1975Central Library, BUET   Central Library, BUET 2015-04-07
Circulation section2015-05-162015-05-164General Book38448 624_000000000000000_VAR_1975624/VAR/1975Central Library, BUET   Central Library, BUET 2015-05-16